01009nam a2200277 a 4500999001500000003000400015005001700019008004100036020001800077040002400095041000800119082001500127110004300142245007100185250001200256260005200268300001100320440005300331500004000384546005500424653003100479653002400510856007300534942001200607952011200619 c1928d1928OSt20190626091059.0131029s1996 sz ||||| |||| 00| 0 eng d a92-4-157187-X cBiblioteca Medicina aeng aOMS QV 633 aOrganizacion Mundial de la Salud9100600aEnvironmental Health Criteria 187: White Spirit (Stoddard Solvent) a1° ed. aGinebrabOrganizacion Mundial de la Saludc1996 a186 p.00aInternational Programme on Chemical Safety92782 aBaja Depósito Junio 2019- Caja 32 aTexto en ingles, resumen y conclusion en español aSOLVENTES-EFECTOS ADVERSOS aSOLVENTES-TOXICIDAD yhttp://www.who.int/ipcs/publications/ehc/ehc_numerical/en/index.html 2ddccPH 00102ddc4051718NFICaBFMbBFMcCRd2013-10-29l0oOMS QV 633pH0184r2014-11-06tEj. 1w2013-10-29yPH